00572nam a2200205Ia 450000500170000000800410001702000240005804000190008204100120010108200160011310000200012924500680014926000320021730000280024950400190027763000250029665000160032165100190033785000100035620230128104509.0131103s9999 xx 000 0 und d a8125010807cRs. 275 aLoreto College aEnglish a954.01bKOC aKochhar, Rajesh 4aThe Vedic peopleb Their history and geography cRajesh Kochhar aDelhibOrient Longmanc2000 axiv,259pb maps, tables aReprinted 2002 aIndia, Early History aEarly India aIndia, History aLCLIB